| 000 | 00910nam a2200229 i 4500 | ||
|---|---|---|---|
| 001 | 160830 | ||
| 003 | ES-MaACL | ||
| 005 | 20250715063123.0 | ||
| 008 | 950206s1886 sp |||| | spa d | ||
| 040 |
_aCARM _bspa _cCCPB | PA2 |
||
| 100 | 1 |
_aNúñez de Arce, Gaspar, _d1834-1903 _eaut _9223411 |
|
| 245 | 1 | 0 |
_aMaruja : _bpoema / _cGaspar Núñez de Arce. |
| 250 | _a13ª ed. | ||
| 260 |
_aMadrid : _bLibreria de Mariano Murillo : _bLibreria de Fernando Fe, _c1886 _f(Imp. de Fortanet) |
||
| 300 |
_a45 páginas ; _c19 cm. |
||
| 655 | 4 |
_2tgfbne _9176539 _aPoesías |
|
| 852 |
_aES-MaACL _cDEPO2 _hDonativo Roda _jL-4903(10-1) _xEnc. en un vol. facticio |
||
| 856 |
_uhttps://bibliotecadigital.jcyl.es/es/consulta/registro.do?id=890 _yVersión en línea _z(Biblioteca Digital de Castilla y León (BDCYL)) |
||
| 942 |
_2udc _cMONANT _n0 |
||
| 999 |
_c160830 _d160830 |
||